000
00272nam a2200121Ia 4500
008
190216s9999||||xx |||||||||||||| ||und||
100
_a
Shukla S M
245
0
_a
Advanced Accountancy
260
_b
Sahitya Bhawan
_c
1988
300
_a
528p
650
_a
Commerce
942
_c
BK
999
_c
5320
_d
5320